[Event "Titled Tuesday intern op 21st Dec"]
[Site "Chess.com INT"]
[Date "2021.12.21"]
[Round "6"]
[White "Kalajzic, Ivan"]
[Black "Csonka, Balazs"]
[Result "0-1"]
[WhiteElo "2108"]
[BlackElo "2480"]
[PlyCount "78"]
[EventDate "2021.12.21"]
[EventType "swiss (blitz)"]
[EventRounds "11"]
[EventCountry "USA"]
[SourceTitle "CBM 205 Extra"]
[Source "ChessBase"]
[SourceDate "2022.01.31"]
[SourceVersion "1"]
[SourceVersionDate "2022.01.31"]
[SourceQuality "1"]

1. d4 Nf6 2. Nc3 d5 3. Bg5 e6 4. e4 dxe4 5. Nxe4 Be7 6. Bxf6 gxf6 7. g3 Bd7 8. f3 Bc6 9. c3 f5 10. Nd2 h5 11. Bg2 h4 12. Qb3 Nd7 13. O-O-O Nb6 14. Qc2 Qd5 15. b3 Qa5 16. Kb1 Nd5 17. Ne2 Ne3 18. Qd3 Nxg2 19. Rhg1 h3 20. Nc4 Qa6 21. Nf4 Nxf4 22. gxf4 Bf6 23. Rge1 O-O-O 24. a4 Bd5 25. Re2 Kb8 26. Rb2 Rhg8 27. Ne5 Qxd3+ 28. Rxd3 Rg2 29. Nxf7 Rdg8 30. Ne5 Rxb2+ 31. Kxb2 Rg2+ 32. Ka3 Rxh2 33. Nd7+ Kc8 34. Nxf6 Rg2 35. c4 h2 36. cxd5 h1=Q 37. dxe6 Qa1+ 38. Kb4 Qe1+ 39. Ka3 Qa1+ 0-1

[Event "Titled Tuesday intern op 21st Dec"]
[Site "Chess.com INT"]
[Date "2021.12.21"]
[Round "6"]
[White "Kamsky, Gata"]
[Black "Nasuta, Grzegorz"]
[Result "1/2-1/2"]
[WhiteElo "2657"]
[BlackElo "2521"]
[PlyCount "82"]
[EventDate "2021.12.21"]
[EventType "swiss (blitz)"]
[EventRounds "11"]
[EventCountry "USA"]
[SourceTitle "CBM 205 Extra"]
[Source "ChessBase"]
[SourceDate "2022.01.31"]
[SourceVersion "1"]
[SourceVersionDate "2022.01.31"]
[SourceQuality "1"]

1. d4 d5 2. Bf4 c5 3. e3 Nc6 4. c3 Bf5 5. Qb3 Qb6 6. dxc5 Qxb3 7. axb3 e5 8. Bg3 Bxc5 9. b4 Bd6 10. Nf3 f6 11. Na3 a6 12. Nb5 Bb8 13. Be2 Nge7 14. O-O Kf7 15. Nd2 Be6 16. Nb3 Na7 17. Nxa7 Bxa7 18. Nc5 Bxc5 19. bxc5 a5 20. b4 axb4 21. cxb4 Nc6 22. b5 Nb4 23. f4 Nc2 24. Rxa8 Rxa8 25. fxe5 Nxe3 26. Rc1 Nf5 27. exf6 Nxg3 28. hxg3 Kxf6 29. c6 bxc6 30. Rxc6 Ke5 31. b6 Rb8 32. Bf3 Bd7 33. Rc5 Rxb6 34. Rxd5+ Ke6 35. Ra5 Ke7 36. Ra7 Kd6 37. Kf2 Rb4 38. Ra6+ Ke7 39. Ra7 Kd6 40. Ra6+ Ke7 41. Ra7 Kd6 1/2-1/2

[Event "Titled Tuesday intern op 21st Dec"]
[Site "Chess.com INT"]
[Date "2021.12.21"]
[Round "6"]
[White "Karpov, Vadim"]
[Black "Degtiarev, Evgeny"]
[Result "0-1"]
[WhiteElo "2345"]
[BlackElo "2380"]
[PlyCount "96"]
[EventDate "2021.12.21"]
[EventType "swiss (blitz)"]
[EventRounds "11"]
[EventCountry "USA"]
[SourceTitle "CBM 205 Extra"]
[Source "ChessBase"]
[SourceDate "2022.01.31"]
[SourceVersion "1"]
[SourceVersionDate "2022.01.31"]
[SourceQuality "1"]

1. Nf3 d5 2. d4 c6 3. c4 Nf6 4. e3 a6 5. Nbd2 b5 6. b3 e6 7. Bd3 Be7 8. O-O O-O 9. e4 dxe4 10. Nxe4 Nxe4 11. Bxe4 f5 12. Bd3 Bf6 13. Ba3 Re8 14. Rc1 Bxd4 15. Nxd4 Qxd4 16. Qe2 e5 17. Bb2 Qd6 18. Rfd1 Qe7 19. Bb1 b4 20. c5 Nd7 21. Qc4+ Kh8 22. Qxb4 Nf6 23. Re1 e4 24. Rcd1 Be6 25. Rd6 Bd5 26. Bxf6 gxf6 27. Qd4 Qe5 28. Rd1 Kg7 29. g3 Rad8 30. Rxd8 Rxd8 31. b4 Qxd4 32. Rxd4 Rb8 33. a3 Kf7 34. Bc2 Ke6 35. f4 exf3 36. Kf2 Ke5 37. Rh4 Be4 38. Bd1 Rd8 39. Bxf3 Rd2+ 40. Ke1 Ra2 41. Be2 Rxa3 42. Rxh7 Kd4 43. Rb7 Ke3 44. Re7 Ra1+ 45. Bd1 Ra2 46. h4 Rh2 47. Be2 Rxe2+ 48. Kf1 Rh2 0-1

[Event "Titled Tuesday intern op 21st Dec"]
[Site "Chess.com INT"]
[Date "2021.12.21"]
[Round "6"]
[White "Khamdamova, Afruza"]
[Black "Kekic, Armin"]
[Result "0-1"]
[WhiteElo "1771"]
[BlackElo "2164"]
[PlyCount "92"]
[EventDate "2021.12.21"]
[EventType "swiss (blitz)"]
[EventRounds "11"]
[EventCountry "USA"]
[SourceTitle "CBM 205 Extra"]
[Source "ChessBase"]
[SourceDate "2022.01.31"]
[SourceVersion "1"]
[SourceVersionDate "2022.01.31"]
[SourceQuality "1"]

1. e4 c5 2. Nf3 d6 3. d4 cxd4 4. Nxd4 Nf6 5. Nc3 a6 6. Be2 b5 7. a3 Bb7 8. f3 Qc7 9. Be3 Nbd7 10. O-O e6 11. Qe1 d5 12. exd5 Nxd5 13. Nxd5 Bxd5 14. Bd3 Bc5 15. Qf2 Qa7 16. Rae1 O-O 17. b4 Bb6 18. f4 g6 19. Kh1 Rac8 20. Nb3 Bxb3 21. cxb3 Rc3 22. Bxb6 Qxb6 23. Qd2 Qd4 24. Rd1 Nf6 25. Qb2 Rfc8 26. Bxg6 Qe3 27. Bb1 Nd5 28. Rf3 Qd4 29. Bxh7+ Kf8 30. Bc2 Qf6 31. Rxc3 Rxc3 32. Be4 Rd3 33. Qe2 Nxf4 34. Qf1 Rxd1 35. Qxd1 Qe5 36. Bf3 Qe3 37. g3 Nd3 38. Qe2 Qd4 39. Bg2 Nf2+ 40. Kg1 Nd1+ 41. Kh1 Ne3 42. Bf3 f5 43. Kg1 e5 44. Kf2 Nd1+ 45. Ke1 Nc3 46. Qd2 Qg1# 0-1

[Event "Titled Tuesday intern op 21st Dec"]
[Site "Chess.com INT"]
[Date "2021.12.21"]
[Round "6"]
[White "Klimciauskas, Domantas"]
[Black "Perez Gormaz, Matias Ariel"]
[Result "1-0"]
[WhiteElo "2150"]
[BlackElo "2404"]
[PlyCount "69"]
[EventDate "2021.12.21"]
[EventType "swiss (blitz)"]
[EventRounds "11"]
[EventCountry "USA"]
[SourceTitle "CBM 205 Extra"]
[Source "ChessBase"]
[SourceDate "2022.01.31"]
[SourceVersion "1"]
[SourceVersionDate "2022.01.31"]
[SourceQuality "1"]

1. d4 d5 2. Nf3 e6 3. g3 Nf6 4. Bg2 Be7 5. O-O O-O 6. c4 c6 7. Qc2 Nbd7 8. Nbd2 a5 9. e4 dxc4 10. Nxc4 c5 11. d5 exd5 12. exd5 Nxd5 13. Rd1 N5f6 14. Bf4 Ra6 15. Rd2 b5 16. Nce5 Qb6 17. Rad1 Nxe5 18. Nxe5 Bb7 19. Nd7 Nxd7 20. Bxb7 Ra7 21. Rxd7 Rxb7 22. Qe4 Rxd7 23. Rxd7 Bf6 24. Bd6 Rc8 25. Qd5 h6 26. Qxf7+ Kh8 27. h4 Qc6 28. Bf8 Qxd7 29. Bxg7+ Bxg7 30. Qxd7 Rb8 31. Qc7 Rg8 32. Qxc5 Bxb2 33. Qxb5 Bc3 34. Kg2 Kh7 35. Qd3+ 1-0

[Event "Titled Tuesday intern op 21st Dec"]
[Site "Chess.com INT"]
[Date "2021.12.21"]
[Round "6"]
[White "Krishnan, Varun"]
[Black "Polaczek, Richard"]
[Result "1-0"]
[WhiteElo "2228"]
[BlackElo "2360"]
[PlyCount "71"]
[EventDate "2021.12.21"]
[EventType "swiss (blitz)"]
[EventRounds "11"]
[EventCountry "USA"]
[SourceTitle "CBM 205 Extra"]
[Source "ChessBase"]
[SourceDate "2022.01.31"]
[SourceVersion "1"]
[SourceVersionDate "2022.01.31"]
[SourceQuality "1"]

1. e4 Nf6 2. e5 Nd5 3. d4 d6 4. c4 Nb6 5. exd6 cxd6 6. Nc3 g6 7. Be3 Bg7 8. Rc1 O-O 9. h3 Bf5 10. Nf3 d5 11. c5 Nc4 12. Bxc4 dxc4 13. O-O Nc6 14. Qa4 e5 15. d5 Nd4 16. Bxd4 exd4 17. Nb5 Qxd5 18. Nc7 Qxc5 19. Nxa8 Rxa8 20. Rxc4 Qd6 21. Qb4 Qd7 22. Rd1 Be6 23. Rcxd4 Bxd4 24. Rxd4 Qc6 25. Ne5 Qc1+ 26. Kh2 Qc7 27. f4 a5 28. Qd2 Rc8 29. a3 Qb6 30. h4 Qc5 31. h5 Qe7 32. Nf3 Qf6 33. h6 Rf8 34. Ng5 Qf5 35. Rd8 Qf6 36. Rxf8+ 1-0

[Event "Titled Tuesday intern op 21st Dec"]
[Site "Chess.com INT"]
[Date "2021.12.21"]
[Round "6"]
[White "Krzywda, Andrzej"]
[Black "Sarkar, Justin"]
[Result "1-0"]
[WhiteElo "2110"]
[BlackElo "2321"]
[PlyCount "105"]
[EventDate "2021.12.21"]
[EventType "swiss (blitz)"]
[EventRounds "11"]
[EventCountry "USA"]
[SourceTitle "CBM 205 Extra"]
[Source "ChessBase"]
[SourceDate "2022.01.31"]
[SourceVersion "1"]
[SourceVersionDate "2022.01.31"]
[SourceQuality "1"]

1. d4 f5 2. g3 Nf6 3. Bg2 e6 4. c4 Be7 5. Nc3 O-O 6. Nh3 d6 7. Nf4 e5 8. dxe5 dxe5 9. Nfd5 Nxd5 10. Nxd5 Bc5 11. h4 c6 12. Bg5 Qd7 13. Nc3 Qxd1+ 14. Rxd1 h6 15. Bd2 Be6 16. b3 e4 17. Be3 Bxe3 18. fxe3 Nd7 19. Bh3 Nf6 20. Rd6 Rfe8 21. O-O g6 22. Kh2 Rad8 23. Rfd1 Rxd6 24. Rxd6 Kf7 25. Na4 Ke7 26. Rd4 g5 27. Nc5 Bc8 28. b4 Rg8 29. Nb3 gxh4 30. gxh4 Ng4+ 31. Bxg4 Rxg4 32. Kh3 Kf7 33. Rd8 Be6 34. Nd4 Bxc4 35. Nxf5 Bxe2 36. Nxh6+ Ke7 37. Nxg4 Kxd8 38. Nf6 Bf3 39. h5 Ke7 40. Ng4 Kf8 41. Kg3 b6 42. Ne5 c5 43. bxc5 bxc5 44. Nxf3 exf3 45. Kxf3 Kg7 46. Ke4 Kh6 47. Kd5 Kxh5 48. Kxc5 Kg5 49. Kd6 Kf5 50. Kd5 Kf6 51. e4 Ke7 52. Ke5 a5 53. a4 1-0

[Event "Titled Tuesday intern op 21st Dec"]
[Site "Chess.com INT"]
[Date "2021.12.21"]
[Round "6"]
[White "Leiva Rodriguez, Jeammarco Giuseppe"]
[Black "Sorokin, Aleksey"]
[Result "0-1"]
[WhiteElo "2405"]
[BlackElo "2536"]
[PlyCount "64"]
[EventDate "2021.12.21"]
[EventType "swiss (blitz)"]
[EventRounds "11"]
[EventCountry "USA"]
[SourceTitle "CBM 205 Extra"]
[Source "ChessBase"]
[SourceDate "2022.01.31"]
[SourceVersion "1"]
[SourceVersionDate "2022.01.31"]
[SourceQuality "1"]

1. e4 c5 2. Nf3 d6 3. Bb5+ Nd7 4. a4 Ngf6 5. Nc3 g6 6. O-O Bg7 7. Re1 O-O 8. d3 a6 9. Bc4 Nb8 10. e5 dxe5 11. Nxe5 Nbd7 12. Bf4 Nxe5 13. Bxe5 Bd7 14. Bxf6 Bxf6 15. Nd5 Bxb2 16. Rb1 Bg7 17. Rxb7 e6 18. Rxd7 Qxd7 19. Nb6 Qc6 20. Nxa8 Rxa8 21. Bb3 Rd8 22. Qg4 Rd4 23. Qg5 Qd6 24. Bc4 h5 25. Qg3 Rf4 26. h4 Bd4 27. Re2 Kg7 28. Kh1 e5 29. f3 Qb8 30. Qe1 f5 31. Bd5 Qd8 32. Bc4 Qxh4+ 0-1

[Event "Titled Tuesday intern op 21st Dec"]
[Site "Chess.com INT"]
[Date "2021.12.21"]
[Round "6"]
[White "Ljukin, Sergei"]
[Black "Escalante Ramirez, Brian Sebastian"]
[Result "0-1"]
[WhiteElo "2362"]
[BlackElo "2469"]
[PlyCount "124"]
[EventDate "2021.12.21"]
[EventType "swiss (blitz)"]
[EventRounds "11"]
[EventCountry "USA"]
[SourceTitle "CBM 205 Extra"]
[Source "ChessBase"]
[SourceDate "2022.01.31"]
[SourceVersion "1"]
[SourceVersionDate "2022.01.31"]
[SourceQuality "1"]

1. e4 e6 2. d4 d5 3. Nc3 Bb4 4. e5 Bxc3+ 5. bxc3 c5 6. Qg4 Kf8 7. dxc5 Qa5 8. Qb4 Nc6 9. Qxa5 Nxa5 10. f4 Ne7 11. Nf3 Bd7 12. Rb1 Rc8 13. Be3 Nf5 14. Bf2 h5 15. Bd3 a6 16. Nd4 g6 17. Kd2 Kg7 18. Rb6 Rhd8 19. Kc1 Ba4 20. Nb3 Nc4 21. Rxb7 Nce3 22. g3 Ng4 23. Bd4 Rc6 24. Bxf5 gxf5 25. h3 Nh6 26. Rb4 Bb5 27. a4 Be2 28. Nd2 Rdc8 29. Re1 Bc4 30. Nxc4 dxc4 31. Rxc4 Ng8 32. Rb4 Ne7 33. c4 Kh7 34. Rb7 R8c7 35. Rb6 Nc8 36. Rxc6 Rxc6 37. Kd2 Ne7 38. Rb1 Rc7 39. Rb6 Nc6 40. c3 a5 41. Ra6 Kg6 42. Kd3 Rc8 43. Be3 Kg7 44. Bc1 Kf8 45. Ba3 Ke7 46. Kc2 Kd7 47. Kb3 Kc7 48. Bb4 Kb7 49. Rb6+ Kc7 50. Rb5 Ra8 51. Ba3 Rg8 52. Bb4 axb4 53. cxb4 Nd4+ 54. Kc3 Nxb5+ 55. axb5 Rxg3+ 56. Kd4 Rxh3 57. b6+ Kb7 58. b5 Rb3 59. c6+ Kxb6 60. c5+ Kc7 61. Kc4 Rb1 62. Kc3 h4 0-1

[Event "Titled Tuesday intern op 21st Dec"]
[Site "Chess.com INT"]
[Date "2021.12.21"]
[Round "6"]
[White "Maksimovic, Bojan"]
[Black "Pavlidou, Ekaterini"]
[Result "1-0"]
[WhiteElo "2451"]
[BlackElo "2203"]
[PlyCount "125"]
[EventDate "2021.12.21"]
[EventType "swiss (blitz)"]
[EventRounds "11"]
[EventCountry "USA"]
[SourceTitle "CBM 205 Extra"]
[Source "ChessBase"]
[SourceDate "2022.01.31"]
[SourceVersion "1"]
[SourceVersionDate "2022.01.31"]
[SourceQuality "1"]

1. d4 Nf6 2. c4 e6 3. Nc3 Bb4 4. e3 O-O 5. Bd2 b6 6. Bd3 d5 7. cxd5 exd5 8. Nf3 Bb7 9. O-O Bd6 10. Ne5 a6 11. f4 c5 12. Kh1 Nc6 13. Ne2 Ne4 14. Bxe4 dxe4 15. Bc3 f6 16. Nxc6 Bxc6 17. d5 Bb5 18. a4 Bd7 19. Ng3 Re8 20. Qc2 Qe7 21. Rad1 b5 22. b3 bxa4 23. bxa4 Rab8 24. Rb1 Qf7 25. Nxe4 Bf5 26. Nxd6 Bxc2 27. Rxb8 Rxb8 28. Nxf7 Kxf7 29. Rc1 Be4 30. Kg1 Bxd5 31. Kf2 c4 32. a5 Ke6 33. g4 g6 34. h4 f5 35. gxf5+ gxf5 36. h5 Rb3 37. h6 Ra3 38. Bd4 Ra2+ 39. Kg3 Rg2+ 40. Kh4 Rg6 41. Bg7 Kd7 42. Rd1 Kc6 43. Rb1 Kc7 44. Be5+ Kd7 45. Rb6 Rxb6 46. axb6 Kc6 47. Bd4 Kb5 48. Kg5 Kb4 49. Kxf5 c3 50. e4 c2 51. Be3 Bc6 52. e5 a5 53. e6 a4 54. e7 a3 55. e8=Q Bxe8 56. b7 a2 57. b8=Q+ Bb5 58. Bd2+ Ka4 59. Qa7+ Kb3 60. Qe3+ Kb2 61. Qd4+ Kb3 62. Qc3+ Ka4 63. Qb4# 1-0

[Event "Titled Tuesday intern op 21st Dec"]
[Site "Chess.com INT"]
[Date "2021.12.21"]
[Round "6"]
[White "Martinez, Shawn"]
[Black "Selkirk, Rebecca"]
[Result "1-0"]
[WhiteElo "1881"]
[BlackElo "1799"]
[PlyCount "73"]
[EventDate "2021.12.21"]
[EventType "swiss (blitz)"]
[EventRounds "11"]
[EventCountry "USA"]
[SourceTitle "CBM 205 Extra"]
[Source "ChessBase"]
[SourceDate "2022.01.31"]
[SourceVersion "1"]
[SourceVersionDate "2022.01.31"]
[SourceQuality "1"]

1. e4 c6 2. d4 d5 3. exd5 cxd5 4. Nf3 Nf6 5. Ne5 a6 6. Bd3 Nc6 7. Nxc6 bxc6 8. O-O Bg4 9. f3 Bh5 10. c3 e6 11. b4 Bd6 12. Nd2 O-O 13. Re1 a5 14. b5 cxb5 15. Bxb5 Rc8 16. Bb2 Bg6 17. a4 Qc7 18. Nf1 e5 19. g3 exd4 20. cxd4 Qc2 21. Re2 Qxd1 22. Rxd1 Rc2 23. Ne3 Rxe2 24. Bxe2 h6 25. Bb5 Rc8 26. Kf2 Rc7 27. Ke2 Bc2 28. Rc1 Bb3 29. Rxc7 Bxc7 30. Ba3 Kh7 31. Be7 Kg6 32. Bd3+ Kg5 33. h4+ Kh5 34. Nf5 Kg6 35. Nd6+ Kh5 36. Nxf7 Bc4 37. Ne5 1-0

[Event "Titled Tuesday intern op 21st Dec"]
[Site "Chess.com INT"]
[Date "2021.12.21"]
[Round "6"]
[White "Matveeva, Olga"]
[Black "Sramek, Vojtech"]
[Result "1-0"]
[WhiteElo "2171"]
[BlackElo "2230"]
[PlyCount "73"]
[EventDate "2021.12.21"]
[EventType "swiss (blitz)"]
[EventRounds "11"]
[EventCountry "USA"]
[SourceTitle "CBM 205 Extra"]
[Source "ChessBase"]
[SourceDate "2022.01.31"]
[SourceVersion "1"]
[SourceVersionDate "2022.01.31"]
[SourceQuality "1"]

1. d4 Nf6 2. c4 c5 3. d5 e6 4. Nc3 exd5 5. cxd5 d6 6. e4 g6 7. h3 Bg7 8. Nf3 a6 9. a4 Nbd7 10. Bd3 O-O 11. O-O Re8 12. Bf4 Qc7 13. Re1 Ne5 14. Nxe5 dxe5 15. Be3 Qd6 16. Rc1 b6 17. Bc4 Nh5 18. b3 Kh8 19. Ne2 f5 20. f3 f4 21. Bf2 g5 22. Rb1 Bd7 23. Nc1 Ng3 24. Bxg3 fxg3 25. Bf1 h5 26. Nd3 g4 27. fxg4 hxg4 28. Re3 gxh3 29. Rxg3 hxg2 30. Bxg2 Rf8 31. Qh5+ Kg8 32. Nxe5 Qf6 33. Rf1 Qe7 34. Rxf8+ Rxf8 35. Ng6 Qf6 36. Nxf8 Kxf8 37. Rf3 1-0

[Event "Titled Tuesday intern op 21st Dec"]
[Site "Chess.com INT"]
[Date "2021.12.21"]
[Round "6"]
[White "Munoz Galvez, Jhon Edison"]
[Black "Gatterer, Florian"]
[Result "1-0"]
[WhiteElo "2276"]
[BlackElo "2179"]
[PlyCount "55"]
[EventDate "2021.12.21"]
[EventType "swiss (blitz)"]
[EventRounds "11"]
[EventCountry "USA"]
[SourceTitle "CBM 205 Extra"]
[Source "ChessBase"]
[SourceDate "2022.01.31"]
[SourceVersion "1"]
[SourceVersionDate "2022.01.31"]
[SourceQuality "1"]

1. Nf3 d5 2. c4 c6 3. e3 Nf6 4. b3 Bg4 5. h3 Bxf3 6. gxf3 e6 7. f4 Nbd7 8. Bb2 g6 9. a3 a5 10. d4 Bg7 11. Be2 O-O 12. Nd2 h5 13. Qc2 Qe7 14. c5 Rfc8 15. O-O b6 16. b4 b5 17. a4 bxa4 18. b5 cxb5 19. Bxb5 Nf8 20. Rxa4 Rcb8 21. Bd3 Ra7 22. Bc3 Rba8 23. Rfa1 Ne8 24. Rxa5 Rxa5 25. Rxa5 Rxa5 26. Bxa5 Qh4 27. Bf1 g5 28. Nf3 1-0

[Event "Titled Tuesday intern op 21st Dec"]
[Site "Chess.com INT"]
[Date "2021.12.21"]
[Round "6"]
[White "Navalgund, Niranjan"]
[Black "Li, Ben"]
[Result "1-0"]
[WhiteElo "2289"]
[BlackElo "2361"]
[PlyCount "93"]
[EventDate "2021.12.21"]
[EventType "swiss (blitz)"]
[EventRounds "11"]
[EventCountry "USA"]
[SourceTitle "CBM 205 Extra"]
[Source "ChessBase"]
[SourceDate "2022.01.31"]
[SourceVersion "1"]
[SourceVersionDate "2022.01.31"]
[SourceQuality "1"]

1. e4 e5 2. Nf3 Nf6 3. Nc3 Nc6 4. Nxe5 Nxe5 5. d4 Ng6 6. e5 Ng8 7. Bc4 Bb4 8. Qf3 d5 9. Bxd5 Bxc3+ 10. bxc3 Be6 11. Bxe6 fxe6 12. Qxb7 N8e7 13. Qf3 Qd5 14. Qg3 O-O 15. O-O c5 16. Ba3 cxd4 17. Rad1 Rfc8 18. Rxd4 Qxa2 19. Bxe7 Nxe7 20. Rd7 Nf5 21. Qg5 Qa4 22. Rfd1 Rxc3 23. g4 Rc4 24. Rd8+ Rxd8 25. Qxd8+ Kf7 26. Rd7+ Kg6 27. gxf5+ Kxf5 28. Qf8+ Ke4 29. Kg2 Qxc2 30. Qxg7 Qe2 31. Rf7 Rc1 32. Qxh7+ Kxe5 33. Qg7+ Ke4 34. Qg6+ Kd5 35. Qg5+ Kd6 36. Qe7+ Ke5 37. Qg5+ Kd6 38. Qxc1 Qg4+ 39. Kf1 Qh3+ 40. Ke1 Qh5 41. Qd2+ Kc6 42. Qd7+ Kb6 43. Qxa7+ Kb5 44. Rb7+ Kc4 45. Qa4+ Kd3 46. Rb3+ Kc2 47. Qa2+ 1-0

[Event "Titled Tuesday intern op 21st Dec"]
[Site "Chess.com INT"]
[Date "2021.12.21"]
[Round "6"]
[White "Nestorovic, Nikola"]
[Black "Jain, Naveen"]
[Result "1-0"]
[WhiteElo "2467"]
[BlackElo "2032"]
[PlyCount "71"]
[EventDate "2021.12.21"]
[EventType "swiss (blitz)"]
[EventRounds "11"]
[EventCountry "USA"]
[SourceTitle "CBM 205 Extra"]
[Source "ChessBase"]
[SourceDate "2022.01.31"]
[SourceVersion "1"]
[SourceVersionDate "2022.01.31"]
[SourceQuality "1"]

1. e4 Nf6 2. e5 Nd5 3. d4 d6 4. Nf3 dxe5 5. Nxe5 c6 6. Be2 Bf5 7. O-O Nd7 8. Nf3 e6 9. a3 Bd6 10. c4 N5f6 11. Nc3 h6 12. h3 O-O 13. Be3 Rc8 14. b4 Bb8 15. Rc1 Re8 16. Qd2 Ne4 17. Nxe4 Bxe4 18. Rfd1 Qc7 19. g3 Nf6 20. a4 Bf5 21. Bf4 Qe7 22. Bxb8 Rxb8 23. h4 a6 24. a5 Red8 25. Ne5 Ne4 26. Qf4 Rf8 27. Bf3 Nf6 28. g4 Bh7 29. Kg2 Nd7 30. g5 hxg5 31. hxg5 Nxe5 32. dxe5 Qxb4 33. Rh1 f5 34. Rxh7 Kxh7 35. Rh1+ Kg8 36. g6 1-0

[Event "Titled Tuesday intern op 21st Dec"]
[Site "Chess.com INT"]
[Date "2021.12.21"]
[Round "6"]
[White "Perez, Flavio"]
[Black "Cruz Mendez, Jean Marcos"]
[Result "1-0"]
[WhiteElo "2272"]
[BlackElo "2018"]
[PlyCount "29"]
[EventDate "2021.12.21"]
[EventType "swiss (blitz)"]
[EventRounds "11"]
[EventCountry "USA"]
[SourceTitle "CBM 205 Extra"]
[Source "ChessBase"]
[SourceDate "2022.01.31"]
[SourceVersion "1"]
[SourceVersionDate "2022.01.31"]
[SourceQuality "1"]

1. e4 c5 2. Nc3 Nc6 3. g3 g6 4. Bg2 Bg7 5. d3 e6 6. Be3 d6 7. Qd2 Nge7 8. Bh6 O-O 9. h4 d5 10. h5 Bxc3 11. bxc3 Re8 12. Bg5 Qd7 13. Bf6 e5 14. Qh6 Qe6 15. Qg7# 1-0

[Event "Titled Tuesday intern op 21st Dec"]
[Site "Chess.com INT"]
[Date "2021.12.21"]
[Round "6"]
[White "Piorun, Kacper"]
[Black "Golichenko, Ilja"]
[Result "1-0"]
[WhiteElo "2640"]
[BlackElo "2413"]
[PlyCount "75"]
[EventDate "2021.12.21"]
[EventType "swiss (blitz)"]
[EventRounds "11"]
[EventCountry "USA"]
[SourceTitle "CBM 205 Extra"]
[Source "ChessBase"]
[SourceDate "2022.01.31"]
[SourceVersion "1"]
[SourceVersionDate "2022.01.31"]
[SourceQuality "1"]

1. c4 c5 2. Nf3 Nc6 3. g3 g6 4. Bg2 Bh6 5. O-O Bg7 6. Nc3 e6 7. d4 Nxd4 8. Nxd4 cxd4 9. Nb5 Qb6 10. a4 a6 11. a5 axb5 12. axb6 Rxa1 13. cxb5 Ne7 14. Qc2 O-O 15. Bg5 Rxf1+ 16. Kxf1 f6 17. Bd2 Kf7 18. Qc7 d5 19. Bb4 Re8 20. Bxe7 Rxe7 21. Qxc8 f5 22. f4 h5 23. Ke1 d3 24. exd3 Bxb2 25. Ke2 Bd4 26. Qd8 Bf6 27. Kd2 Bg7 28. Bf3 Bd4 29. h3 Bg7 30. g4 hxg4 31. hxg4 fxg4 32. Bxg4 Bh6 33. Ke3 e5 34. Qxd5+ Kg7 35. Be6 Bxf4+ 36. Ke4 Kf6 37. Bc8 Bh2 38. Bxb7 1-0

[Event "Titled Tuesday intern op 21st Dec"]
[Site "Chess.com INT"]
[Date "2021.12.21"]
[Round "6"]
[White "Plotnikov, Pavel"]
[Black "Paichadze, Luka"]
[Result "1-0"]
[WhiteElo "2297"]
[BlackElo "2566"]
[PlyCount "51"]
[EventDate "2021.12.21"]
[EventType "swiss (blitz)"]
[EventRounds "11"]
[EventCountry "USA"]
[SourceTitle "CBM 205 Extra"]
[Source "ChessBase"]
[SourceDate "2022.01.31"]
[SourceVersion "1"]
[SourceVersionDate "2022.01.31"]
[SourceQuality "1"]

1. e4 c6 2. Nf3 d5 3. d3 Bg4 4. Be2 e6 5. O-O Nd7 6. Nbd2 Bd6 7. d4 dxe4 8. Nxe4 Be7 9. Bf4 Ndf6 10. Nc5 b6 11. Nb3 Nd5 12. Bg3 Ngf6 13. c4 Nc7 14. Ne5 Bxe2 15. Qxe2 c5 16. dxc5 Bxc5 17. Nxc5 bxc5 18. Rad1 Qc8 19. Bh4 Qb7 20. Bxf6 gxf6 21. Nd7 Ke7 22. Nxc5 Qc6 23. Ne4 Rad8 24. Qe3 Rhg8 25. Qf4 f5 26. Qh4+ 1-0

[Event "Titled Tuesday intern op 21st Dec"]
[Site "Chess.com INT"]
[Date "2021.12.21"]
[Round "6"]
[White "Popadic, Dragan"]
[Black "Mkrtchian, Lilit"]
[Result "1-0"]
[WhiteElo "2143"]
[BlackElo "2378"]
[PlyCount "77"]
[EventDate "2021.12.21"]
[EventType "swiss (blitz)"]
[EventRounds "11"]
[EventCountry "USA"]
[SourceTitle "CBM 205 Extra"]
[Source "ChessBase"]
[SourceDate "2022.01.31"]
[SourceVersion "1"]
[SourceVersionDate "2022.01.31"]
[SourceQuality "1"]

1. e4 e6 2. Nf3 d5 3. e5 c5 4. b4 cxb4 5. d4 Nc6 6. a3 bxa3 7. c3 Bd7 8. Bd3 Nh6 9. Nxa3 Nf5 10. Nb1 Be7 11. h4 h5 12. g3 g6 13. O-O Kf8 14. Bg5 Bxg5 15. Nxg5 Kg7 16. Bxf5 exf5 17. Qb3 Ne7 18. Qxb7 a5 19. Qb2 Qb8 20. Qa3 Re8 21. Re1 Be6 22. Nd2 Qc7 23. Rec1 Rec8 24. Nb3 f4 25. Nxe6+ fxe6 26. Nc5 Qc6 27. Rab1 Rc7 28. Rb2 Nf5 29. Kh2 Rf8 30. Rf1 Rcf7 31. Rbb1 fxg3+ 32. fxg3 Ne3 33. Rxf7+ Rxf7 34. Qxa5 Ng4+ 35. Kg1 Rf3 36. Qa7+ Kh6 37. Rb7 Rxg3+ 38. Kf1 Ne3+ 39. Kf2 1-0

[Event "Titled Tuesday intern op 21st Dec"]
[Site "Chess.com INT"]
[Date "2021.12.21"]
[Round "6"]
[White "Pourkashiyan, Atousa"]
[Black "Fajdetic, Hrvoje"]
[Result "1-0"]
[WhiteElo "2322"]
[BlackElo "2151"]
[PlyCount "33"]
[EventDate "2021.12.21"]
[EventType "swiss (blitz)"]
[EventRounds "11"]
[EventCountry "USA"]
[SourceTitle "CBM 205 Extra"]
[Source "ChessBase"]
[SourceDate "2022.01.31"]
[SourceVersion "1"]
[SourceVersionDate "2022.01.31"]
[SourceQuality "1"]

1. e4 e6 2. d4 d5 3. Nd2 dxe4 4. Nxe4 Nd7 5. Nf3 Ngf6 6. Bd3 Nxe4 7. Bxe4 Nf6 8. Bd3 c5 9. O-O cxd4 10. Nxd4 Qc7 11. Nb5 Qb8 12. Qf3 Nd5 13. c4 a6 14. cxd5 axb5 15. Bxb5+ Bd7 16. Bxd7+ Kxd7 17. Qxf7+ 1-0

[Event "Titled Tuesday intern op 21st Dec"]
[Site "Chess.com INT"]
[Date "2021.12.21"]
[Round "6"]
[White "Prohorov, Olexandr"]
[Black "Avazkhonov, Alikhon"]
[Result "1-0"]
[WhiteElo "2086"]
[BlackElo "1538"]
[PlyCount "67"]
[EventDate "2021.12.21"]
[EventType "swiss (blitz)"]
[EventRounds "11"]
[EventCountry "USA"]
[SourceTitle "CBM 205 Extra"]
[Source "ChessBase"]
[SourceDate "2022.01.31"]
[SourceVersion "1"]
[SourceVersionDate "2022.01.31"]
[SourceQuality "1"]

1. d4 Nf6 2. c4 g6 3. Nc3 Bg7 4. g3 O-O 5. Bg2 d6 6. Nf3 Nbd7 7. e4 e5 8. O-O exd4 9. Nxd4 a5 10. Be3 Nc5 11. Qc2 Re8 12. h3 Bd7 13. Rad1 Qc8 14. Kh2 Re5 15. g4 Bxg4 16. hxg4 Qxg4 17. Kg1 Ne6 18. Nxe6 Rxe6 19. f3 Qh5 20. Qf2 g5 21. Nd5 Nxd5 22. cxd5 Rh6 23. Qg3 Kh8 24. Qg4 Qh2+ 25. Kf2 Rh4 26. Qxg5 Be5 27. Rh1 Rg8 28. Qxg8+ Kxg8 29. Rxh2 Rxh2 30. f4 Bxb2 31. Rb1 Ba3 32. Rxb7 h5 33. Rxc7 h4 34. Kg1 1-0